GO Train Stations (Sudden Death) - Statistics

General Stats
  • This quiz has been taken 120 times
    118 since last reset
  • The average score is 13 of 24
Answers on the Grid
Answers color-coded by a green-red scale on the quiz's grid according to % correct below.
Meadowvale
Kingsville
Unionville
Kingston
Agincourt
Malton
Union City
Milton
Meadow Lake
Oakville
Oakland
King City
Brantford
Union
West Harbour
Kitchener
Waterloo
Cambridge
Molton
Aldershot
Hamilton
East Harbour
Old Cummer
Old Elm
Richmond
Pickering
Bronte
York Mills
Exhibition
Dixie
Kipling
Lawrence Weston
Glencairn
Streetsville
Ajax
College
Clarkson
Aurora
Finch
Acton
 
Answer Stats
Answer % Correct
Union
72%
Exhibition
63%
Milton
63%
Oakville
63%
Agincourt
59%
Malton
59%
Ajax
57%
Aurora
57%
Kitchener
57%
Meadowvale
57%
Aldershot
54%
Hamilton
54%
Pickering
54%
Unionville
54%
West Harbour
54%
King City
52%
Old Cummer
52%
Bronte
50%
Clarkson
50%
Kipling
50%
Old Elm
50%
Acton
46%
Dixie
43%
Streetsville
43%
No matching quizzes found
Score Distribution
Percent of People with Each Score
Percentile by Number Answered
Your Score History
You have not taken this quiz since the last reset